Fiery night : (Record no. 358184)
[ view plain ]
| 000 -LEADER | |
|---|---|
| fixed length control field | 02437cam a22004818i 4500 |
| 001 - CONTROL NUMBER | |
| control field | 1137752369 |
| 005 - DATE AND TIME OF LATEST TRANSACTION | |
| control field | 20210201170948.0 |
| 008 - FIXED-LENGTH DATA ELEMENTS--GENERAL INFORMATION | |
| fixed length control field | 200123t20202020mnua j b 000 0 eng |
| 010 ## - LIBRARY OF CONGRESS CONTROL NUMBER | |
| LC control number | 2020001070 |
| 020 ## - INTERNATIONAL STANDARD BOOK NUMBER | |
| International Standard Book Number | 9781684460861 |
| Qualifying information | (hardcover) |
| 020 ## - INTERNATIONAL STANDARD BOOK NUMBER | |
| International Standard Book Number | 1684460867 |
| 020 ## - INTERNATIONAL STANDARD BOOK NUMBER | |
| Cancelled/invalid ISBN | 9781684460878 |
| Qualifying information | (eBook pdf) |
| 035 ## - SYSTEM CONTROL NUMBER | |
| System control number | (OCoLC)1137752369 |
| 035 ## - SYSTEM CONTROL NUMBER | |
| System control number | 2164529 |
| 035 ## - SYSTEM CONTROL NUMBER | |
| System control number | (OCoLC)on1137752369 |
| 040 ## - CATALOGING SOURCE | |
| Original cataloging agency | DLC |
| Language of cataloging | eng |
| Description conventions | rda |
| Transcribing agency | DLC |
| Modifying agency | OCLCO |
| -- | OCLCF |
| -- | JN3 |
| -- | DPL |
| 042 ## - AUTHENTICATION CODE | |
| Authentication code | pcc |
| -- | lcac |
| 043 ## - GEOGRAPHIC AREA CODE | |
| Geographic area code | n-us-il |
| 050 00 - LIBRARY OF CONGRESS CALL NUMBER | |
| Classification number | PZ7.W153845 |
| Item number | Fi 2020 |
| 082 00 - DEWEY DECIMAL CLASSIFICATION NUMBER | |
| Classification number | [Fic] |
| Edition number | 23 |
| 082 00 - DEWEY DECIMAL CLASSIFICATION NUMBER | |
| Classification number | 977.3/11041 |
| Edition number | 23 |
| 092 ## - LOCALLY ASSIGNED DEWEY CALL NUMBER (OCLC) | |
| Classification number | E History Wal |
| 099 ## - LOCAL FREE-TEXT CALL NUMBER (OCLC) | |
| Classification number | j977.311041 |
| -- | Walker |
| 100 1# - MAIN ENTRY--PERSONAL NAME | |
| Personal name | Walker, Sally M., |
| Relator term | author. |
| 9 (RLIN) | 32380 |
| 245 10 - TITLE STATEMENT | |
| Title | Fiery night : |
| Remainder of title | a boy, his goat, and the Great Chicago Fire / |
| Statement of responsibility, etc | written by Sally M. Walker ; illustrated by Kayla Harren. |
| 264 #1 - Production, Publication, Distribution, Manufacture, and Copyright Notice. | |
| Place of production, publication, distribution, manufacture | North Mankato, MN : |
| Name of producer, publisher, distributor, manufacturer | Capstone Editions, a Capstone imprint, |
| Date of production, publication, distribution, manufacture, or copyr | [2020] |
| 264 #4 - Production, Publication, Distribution, Manufacture, and Copyright Notice. | |
| Date of production, publication, distribution, manufacture, or copyr | ©2020. |
| 300 ## - PHYSICAL DESCRIPTION | |
| Extent | 35 pages : |
| Other physical details | color illustrations ; |
| Dimensions | 29 cm. |
| 336 ## - Content Type | |
| Content type term | text |
| 337 ## - Media type | |
| Media type term | unmediated |
| 338 ## - Carrier type | |
| Carrier type term | volume |
| 504 ## - BIBLIOGRAPHY, ETC. NOTE | |
| Bibliography, etc | Includes bibliographical references. |
| 520 ## - SUMMARY, ETC. | |
| Summary, etc | Based on a true story, Fiery Night is a heartwarming, empowering picture book about a little boy's devotion to his pet goat, Willie, and how they gave each other strength during the Great Chicago Fire in 1871. Young Justin Butterfield was awakened in the night by neighbors warning his family of the coming fire. The Butterfields did what they could to save their home but eventually had to flee. Justin insisted on taking Willie with them, even though the frightened goat made it more difficult for them to get away quickly. Encouraging and comforting Willie helped bolster Justin's own courage during the family's difficult journey through the burning city. |
| 521 ## - TARGET AUDIENCE NOTE | |
| Target audience note | Ages 8-11. |
| 650 #0 - SUBJECT ADDED ENTRY--TOPICAL TERM | |
| Topical term or geographic name as entry element | Great Fire, Chicago, Ill., 1871 |
| Form subdivision | Juvenile literature. |
| 9 (RLIN) | 6402456 |
| 650 #0 - SUBJECT ADDED ENTRY--TOPICAL TERM | |
| Topical term or geographic name as entry element | Goats |
| Form subdivision | Juvenile literature. |
| 9 (RLIN) | 5727215 |
| 650 #0 - SUBJECT ADDED ENTRY--TOPICAL TERM | |
| Topical term or geographic name as entry element | Survival |
| Form subdivision | Juvenile literature. |
| 9 (RLIN) | 5688513 |
| 650 #0 - SUBJECT ADDED ENTRY--TOPICAL TERM | |
| Topical term or geographic name as entry element | Determination (Personality trait) |
| Form subdivision | Juvenile literature. |
| 9 (RLIN) | 6393359 |
| 700 1# - ADDED ENTRY--PERSONAL NAME | |
| Personal name | Harren, Kayla, |
| Relator term | illustrator. |
| 9 (RLIN) | 6011454 |
| 776 08 - ADDITIONAL PHYSICAL FORM ENTRY | |
| Display text | Online version: |
| Main entry heading | Walker, Sally M. |
| Title | Fiery night. |
| Place, publisher, and date of publication | North Mankato, MN : Capstone Editions, a Capstone imprint, [2020] |
| International Standard Book Number | 9781684460878 |
| Record control number | (DLC) 2020001071. |
| 907 ## - LOCAL DATA ELEMENT G, LDG (RLIN) | |
| a | .b444490863 |
| 942 ## - ADDED ENTRY ELEMENTS (KOHA) | |
| Source of classification or shelving scheme | Dewey Decimal Classification |
| Koha item type | BOOK |
| Withdrawn status | Lost status | Source of classification or shelving scheme | Damaged status | Not for loan | Collection code | Home library | Current library | Shelving location | Date acquired | Source of acquisition | Total Checkouts | Total Renewals | Full call number | Barcode | Date last seen | Date checked out | Cost, replacement price | Price effective from | Koha item type |
|---|---|---|---|---|---|---|---|---|---|---|---|---|---|---|---|---|---|---|---|
| Dewey Decimal Classification | Children NonFiction | Wasatch County Library | Wasatch County Library | Main Floor Childrens Area | 02/01/2021 | Rainbow Books | 11 | 11 | E History Wal | 34301001709619 | 12/10/2025 | 11/04/2025 | 18.99 | 02/01/2021 | BOOK |
